[Event "FIDE World Cup 2017"]
[Site "Tbilisi"]
[Date "2017.09.04"]
[Round "1.2"]
[White "Fressinet, Laurent"]
[Black "Lenic, Luka"]
[Result "1/2-1/2"]
[WhiteElo "2657"]
[BlackElo "2646"]
[Annotator "TA"]
[PlyCount "61"]
[EventDate "2017.??.??"]
[EventType "k.o."]
[EventCountry "GEO"]
[SourceTitle "playchess.com"]
[Source "ChessBase"]
[SourceQuality "1"]

{[%evp 32,61,24,21,23,22,22,10,24,24,21,17,27,0,0,0,0,0,0,0,0,0,0,0,0,0,9,0,0,0,0,0]} 1. e4 c5 2. Nf3 Nc6 3. d4 cxd4 4. Nxd4 Nf6 5. Nc3 e5 6. Ndb5 {[%cal Bd4b5,Bb5a3,Ba3c2,Bc2b4][%mdl 32]} d6 7. Bg5 a6 8. Na3 b5 9. Nd5 Be7 10. Bxf6 Bxf6 11. c3 Bg5 12. Nc2 Ne7 13. a4 {B33: Sicilian: Pelikan and Sveshnikov Variations} (13. Ncb4 O-O 14. h4 Bh6 15. Bd3 Nxd5 16. Nxd5 Be6 17. Bc2 Rb8 18. Qd3 a5 19. a3 Kh8 20. Rd1 Bg4 21. f3 {½-½ (32) Bologan,V (2640)-Zhigalko,S (2639) Poikovsky 2017}) 13... bxa4 14. Ncb4 O-O 15. Qxa4 a5 16. Bb5 {[%cal Bf1b5,Bb5c6,Bc6d5][%mdl 32]} Nxd5 17. Nxd5 {LiveBook: 15 Games} Be6 18. Bc6 Rb8 19. b4 Bxd5 20. Bxd5 axb4 21. cxb4 Qb6 22. O-O Qxb4 {The position is equal.} 23. Qd7 $146 ({Predecessor:} 23. Qxb4 Rxb4 24. Ra6 Be7 25. Ra7 Bd8 26. Rd7 Bb6 27. Rxd6 {½-½ (27) Lahdenmaeki,L (2105)-Raijmaekers,C (2102) ICCF email 2009}) 23... Bd8 24. g3 Bb6 25. Rab1 Qc5 26. Rb3 Qc7 27. Qf5 g6 28. Qf6 Qd8 29. Qxd8 Rfxd8 30. Rfb1 Bc7 31. Rxb8 {Precision: White = 81%, Black = 70%.} 1/2-1/2

[Event "FIDE World Cup 2017"]
[Site "Tbilisi"]
[Date "2017.09.04"]
[Round "1.2"]
[White "Anton Guijarro, David"]
[Black "Bruzon Batista, Lazaro"]
[Result "1/2-1/2"]
[WhiteElo "2656"]
[BlackElo "2651"]
[Annotator "TA"]
[PlyCount "81"]
[EventDate "2017.??.??"]
[EventType "k.o."]
[EventCountry "GEO"]
[SourceTitle "playchess.com"]
[Source "ChessBase"]
[SourceQuality "1"]

{[%evp 15,81,0,16,7,6,6,13,0,0,0,0,0,2,0,18,0,0,0,0,0,4,4,27,17,12,-23,-10,-30,-24,-47,-45,-55,-17,-20,-12,-71,-53,-96,-134,-106,-21,-27,0,-75,-28,-34,7,-77,-60,-105,-35,-74,-70,-80,-84,-102,-97,-258,0,-75,0,-246,0,-214,-202,-211,-152,-91]} 1. Nf3 Nf6 2. g3 b6 3. Bg2 Bb7 4. O-O e6 5. d3 d5 6. Nbd2 Nbd7 7. Re1 Bc5 8. c4 {A05: Réti Opening: 1 Nf3 Nf6} O-O {LiveBook: 4 Games} 9. a3 $146 ({Find the theoretical novelty and annotate with similar games:} 9. Qc2 Bd6 10. cxd5 exd5 11. Nd4 c5 12. Nf5 Bc7 13. Nf3 Re8 14. Bg5 Nf8 15. b4 h6 {1-0 (64) Rapport,R (2752)-Ampie,M (2348) Baku 2016}) 9... a5 10. cxd5 {The position is equal.} exd5 11. Nb3 Be7 12. Nbd4 Re8 13. Bf4 Nh5 14. Bd2 a4 15. b4 axb3 $1 16. Qxb3 Nhf6 {[%cal Bh5f6,Bf6d5,Bd5b4][%mdl 32]} 17. a4 Ra6 (17... Nc5 $5 {[%cal Rc5b3]} 18. Qc2 Nfe4 $11) 18. Qc2 c5 19. Nb5 $1 d4 20. Bf4 Nd5 $36 {[%mdl 2048] Black fights for an advantage.} 21. Nd2 Nb4 22. Qb3 Bxg2 23. Kxg2 Qa8+ (23... g5 $5 {[%cal Rg5f4]} 24. Bc7 Qa8+ 25. Kg1 Qc6 $11) 24. Kg1 {And now Nc7 would win.} Nd5 25. Ne4 (25. Nc4 $11) 25... Nf8 26. Nc7 Nxc7 27. Bxc7 {[#]} Qa7 (27... c4 $1 $17 {[%cal Rc4b3][%mdl 512]} 28. Qb5 (28. Qxc4 $2 Rc8 $19) 28... c3) 28. Bd6 $11 Ne6 29. f4 (29. Reb1 $11 {keeps the balance.}) 29... Rd8 30. Be5 h6 31. h4 (31. Nd2 $11) 31... Nf8 $17 32. Qb5 Rc8 (32... f6 $17 33. Bc7 Ra8) 33. Reb1 Nd7 34. Bd6 Ra5 {White must now prevent ...Bxd6.} 35. Qb3 Bd8 36. Be5 $2 (36. Nd2 $17 {was necessary.}) 36... Be7 $2 (36... c4 $19 37. Qa2 Nxe5) 37. Bd6 Bd8 $2 (37... Re8 $17) 38. Be5 $1 $19 {[#]} Be7 $2 (38... c4 $1 $19 {[%cal Rc4b3][%mdl 512]} 39. Qc2 (39. dxc4 Nxe5) 39... Nxe5 40. fxe5 Qe7) 39. Nd2 $2 {[#]} (39. Bd6 $11 {and White stays safe.} Re8 40. Bxe7 Rxe7 41. Qa2) 39... b5 $1 {[%mdl 512]} 40. Qd1 (40. axb5 Rxa1) 40... bxa4 41. Nc4 {Precision: White = 36%, Black = 51%.} (41. Qf1 $142) 1/2-1/2

[Event "FIDE World Cup 2017"]
[Site "Tbilisi"]
[Date "2017.09.04"]
[Round "1.2"]
[White "Demchenko, Anton"]
[Black "Areshchenko, Alexander"]
[Result "*"]
[WhiteElo "2650"]
[BlackElo "2645"]
[Annotator "TA"]
[PlyCount "93"]
[EventDate "2017.??.??"]
[EventType "k.o."]
[EventCountry "GEO"]
[SourceTitle "playchess.com"]
[Source "ChessBase"]
[SourceQuality "1"]

{[%evp 17,93,-18,13,8,24,-6,38,0,32,12,16,26,64,80,77,68,77,83,59,74,137,68,100,49,66,58,63,30,33,35,38,37,45,35,44,49,61,0,0,0,19,5,27,-2,0,0,0,-89,-76,-161,-23,-24,-2,-8,11,10,9,0,18,19,26,26,79,76,154,155,185,177,189,183,258,234,239,209,214,220,210,203]} 1. e4 c5 2. Nf3 d6 3. d4 cxd4 4. Nxd4 Nf6 5. Nc3 a6 6. Nb3 e6 {B90: Sicilian Najdorf: Unusual White 6th moves, 6 Be3 Ng4 and 6 Be3 e5} (6... e5 7. Bg5 Be7 8. Bxf6 Bxf6 9. Qd3 Be6 10. O-O-O Be7 11. Nd5 Bxd5 12. Qxd5 Qc7 13. Kb1 O-O 14. Na5 Nc6 15. Nc4 Rad8 {1-0 (50) Grischuk,A (2737)-Nepomniachtchi,I (2767) Doha 2016}) 7. g4 {[%cal Bg2g4,Bg4g5][%mdl 32]} b5 8. Bg2 Bb7 9. g5 Nfd7 {LiveBook: 8 Games} 10. O-O Be7 $146 ({Predecessor:} 10... Qc7 11. f4 Nc6 12. f5 Nde5 13. Qh5 g6 14. Qh3 {1-0 (53) Goumas,G (2407)-Gungl,T (2269) Heraklion 2017}) 11. f4 O-O 12. Qg4 Re8 13. Be3 Nc6 (13... b4 $5 {[%cal Rb4c3]} 14. Ne2 a5 $11) 14. Rad1 Rc8 {[#]} 15. e5 $1 {[%mdl 512]} Ncxe5 (15... dxe5 16. f5) 16. fxe5 Nxe5 17. Qg3 Bxg2 18. Qxg2 Rc4 {[#]} (18... d5 $142) 19. Rd4 (19. Nd4 $1 $16) 19... Qc7 20. Nd2 (20. a3 $16) 20... Rxd4 $14 21. Bxd4 Ng6 22. Nf3 b4 23. Nd1 e5 24. Be3 d5 25. c3 bxc3 26. bxc3 Qc4 27. Nd2 ({White should try} 27. Qh3 $14) 27... Qxa2 $11 28. Qg4 Rd8 29. Nf3 Bd6 30. Bf2 Nf4 31. Nh4 Qc4 32. Ne3 (32. Re1 $11) 32... Qxc3 $17 33. Kh1 (33. Nef5 $17) 33... Bc5 ({Black should play} 33... d4 $19 34. Nef5 Qc4) 34. Qf3 $1 $11 d4 35. Ng4 $1 Qxf3+ 36. Nxf3 e4 $132 {[%mdl 2048] [#] Black puts up resistance} 37. Bxd4 $1 {[%mdl 512]} exf3 (37... Bxd4 38. Nxd4) 38. Bxc5 Rd5 39. Be3 (39. Rxf3 $2 Rd1+ 40. Bg1 Ne2 $19) 39... Ne6 (39... Nh3 $1 $11) 40. h4 $16 Rd3 (40... Rb5 $142) 41. Rxf3 Nc7 42. Rf5 Nd5 43. Bf2 a5 (43... Kf8 {is a better defense.} 44. Bc5+ Ke8) 44. Re5 $18 {[%cal Re5e8]} h5 {White is clearly better.} 45. gxh6 {Rg5 is the strong threat.} f6 46. Re8+ Kh7 47. Ra8 {Precision: White = 52%, Black = 33%.} *

[Event "FIDE World Cup 2017"]
[Site "Tbilisi"]
[Date "2017.09.04"]
[Round "1.2"]
[White "Kovalyov, Anton"]
[Black "Akobian, Varuzhan"]
[Result "1/2-1/2"]
[WhiteElo "2649"]
[BlackElo "2662"]
[Annotator "TA"]
[PlyCount "113"]
[EventDate "2017.??.??"]
[EventType "k.o."]
[EventCountry "GEO"]
[SourceTitle "playchess.com"]
[Source "ChessBase"]
[SourceQuality "1"]

{[%evp 16,113,24,17,36,37,59,58,78,82,79,73,87,91,91,68,61,56,59,52,84,77,100,74,69,99,110,98,105,108,85,73,80,66,110,91,98,64,71,74,85,73,76,83,92,84,87,82,82,82,82,81,87,70,93,89,106,103,125,75,120,118,128,76,76,39,102,89,69,69,122,122,70,2,2,2,3,0,2,2,3,1,2,1,6,0,0,0,0,0,0,0,0,0,0,0,0,0,0,0]} 1. c4 e5 2. g3 Nc6 3. Bg2 f5 4. Nc3 Nf6 5. e3 g6 6. d3 Bg7 7. Nge2 d6 8. O-O O-O 9. b3 g5 {A25: English Opening vs King's Indian with ...Nc6 but without early d3} (9... Be6 10. Nd5 Qd7 11. Bb2 Rae8 12. Qd2 Nd8 13. Qa5 Nxd5 14. cxd5 Bf7 15. Qxa7 g5 16. Rac1 Bh5 17. f3 {1-0 (28) Leko,P (2732)-Ding,L (2702) Beijing 2012}) 10. f4 h6 11. Qd2 a5 $146 {White is slightly better.} ({Predecessor:} 11... gxf4 12. exf4 Be6 13. Bb2 Qd7 14. Rae1 a5 15. fxe5 dxe5 16. Na4 Qd6 17. Nec3 {1-0 (33) Matjushin,G (2443)-Muzychuk,A (2364) Odessa 2005}) 12. Bb2 Be6 13. Nd5 Qd7 14. Rae1 Rae8 15. Bc3 Bxd5 16. cxd5 Nb4 $1 17. fxg5 hxg5 18. e4 {Hoping for a3.} f4 19. gxf4 gxf4 20. Kh1 $1 Ng4 {[#]} 21. Bh3 $1 Nf2+ 22. Rxf2 Qxh3 23. Bxb4 axb4 {[#]} 24. Ng1 $1 {[%cal Rg1h3]} Qh5 25. Nf3 Bf6 26. Rg1+ Kh8 $1 27. Qxb4 Rg8 28. Qd2 Rxg1+ 29. Nxg1 c6 30. dxc6 bxc6 31. Qe2 Qxe2 32. Rxe2 $16 {[%mdl 4096] Endgame KRB-KRN} Kg7 33. Nf3 Kf7 34. Rc2 Ra8 35. Kg2 Ke6 36. Kf1 Kd7 37. Rg2 d5 38. Re2 c5 39. Rc2 (39. h4 $142) 39... Kd6 40. Ke2 c4 ({Black should play} 40... Rb8 $14) 41. bxc4 dxe4 42. dxe4 Ra3 (42... Kc5 $14) 43. c5+ Kc7 ({Better is} 43... Kc6 $16) 44. h4 (44. Kf2 $14) 44... Re3+ $11 {The position is equal.} 45. Kf2 {Threatening Re2.} Rxe4 46. Re2 Rc4 47. Nxe5 Bxh4+ 48. Kf3 Rxc5 49. Kxf4 Be7 50. Kf5 (50. Nd3 $5 {[%cal Re2e7]} Bd6+ 51. Kg4 $14) 50... Bd6 51. Ke6 Bxe5 52. Rxe5 Rxe5+ 53. Kxe5 {KP-K} Kc6 54. a4 Kc5 55. a5 Kb5 56. a6 Kxa6 57. Ke4 {Precision: White = 75%, Black = 58%.} 1/2-1/2

[Event "FIDE World Cup 2017"]
[Site "Tbilisi"]
[Date "2017.09.04"]
[Round "1.2"]
[White "Dreev, Aleksey"]
[Black "Bachmann, Axel"]
[Result "1-0"]
[WhiteElo "2648"]
[BlackElo "2634"]
[Annotator "TA"]
[PlyCount "65"]
[EventDate "2017.??.??"]
[EventType "k.o."]
[EventCountry "GEO"]
[SourceTitle "playchess.com"]
[Source "ChessBase"]
[SourceQuality "1"]

{[%evp 12,65,19,0,49,45,47,22,20,0,0,0,0,0,10,12,13,0,42,35,43,37,55,27,32,27,26,23,99,99,102,108,202,208,243,243,218,194,341,339,336,330,946,942,1795,1786,1710,1750,1572,1600,1394,1367,1375,1330,1161,1106]} 1. d4 Nf6 2. Nf3 c5 3. c3 b6 4. Bg5 Bb7 5. e3 e6 6. Nbd2 {[%cal Bb1d2,Bd2c4,Bc4e5][%mdl 32]} h6 7. Bh4 {LiveBook: 208 Games} (7. Bxf6 $5 Qxf6 8. Bd3 $11) 7... g5 {A46: 1 d4 Nf6 2 Nf3 e6: Torre, London and Colle Systems} (7... d6 8. Bb5+ Nbd7 9. Bxf6 gxf6 10. O-O a6 11. Bd3 f5 12. e4 fxe4 13. Bxe4 Bxe4 14. Nxe4 d5 15. Ned2 {1-0 (35) Radjabov,T (2713)-Wang,Y (2723) Beijing 2013}) 8. Bg3 Nc6 $146 ({Predecessor:} 8... Be7 9. h3 Rg8 10. Qc2 h5 11. O-O-O d6 12. Bb5+ Bc6 13. Bxc6+ Nxc6 14. Qa4 Qd7 15. dxc5 bxc5 {½-½ (40) Zhu,R (2036)-Coathup,R (2151) Llandudno 2017}) 9. Nc4 Ne4 {The position is equal.} 10. d5 exd5 $1 11. Qxd5 Qe7 $1 12. Rd1 Qe6 13. Qxe6+ dxe6 14. Nce5 $36 {[%mdl 2048] White fights for an advantage.} Nb8 15. Nd2 {[#] aiming for Nxe4.} Nxg3 16. hxg3 a6 17. Ndc4 b5 $1 {[%cal Rb5c4]} 18. Nd6+ Bxd6 $1 19. Rxd6 Bd5 (19... Ke7 $1 $11 {keeps the balance.}) 20. c4 $16 bxc4 21. Bxc4 ({Reject} 21. Nxc4 $6 Ke7 $11) 21... Bxg2 (21... Bxc4 $16 {was worth a try.} 22. Nxc4 Nd7) 22. Rh2 $18 Bb7 23. f4 gxf4 24. exf4 Ke7 (24... Ra7 $142 25. f5 Bd5) 25. Rb6 Ra7 {[#]} 26. Bxe6 $1 {[%mdl 512]} Rg8 $2 (26... Be4 27. Bxf7 Nd7) (26... fxe6 27. Ng6+) 27. Bxf7 {White is clearly winning.} Rxg3 28. Re6+ Kd8 29. Rd2+ Kc7 30. Re7+ Kb6 31. Rd6+ Kb5 32. Bc4+ Ka5 33. Be2 {Precision: White = 77%, Black = 28%.} 1-0

[Event "FIDE World Cup 2017"]
[Site "Tbilisi"]
[Date "2017.09.04"]
[Round "1.2"]
[White "Melkumyan, Hrant"]
[Black "Grachev, Boris"]
[Result "1/2-1/2"]
[WhiteElo "2642"]
[BlackElo "2654"]
[Annotator "TA"]
[PlyCount "155"]
[EventDate "2017.??.??"]
[EventType "k.o."]
[EventCountry "GEO"]
[SourceTitle "playchess.com"]
[Source "ChessBase"]
[SourceQuality "1"]

{[%evp 12,155,33,31,31,28,25,19,33,26,31,31,31,29,32,-14,-20,-21,-19,0,26,2,2,0,0,5,12,9,6,2,6,0,19,15,20,4,18,4,10,0,0,0,25,25,11,-7,-10,-29,0,0,0,0,0,0,0,0,0,0,0,0,21,0,0,0,0,0,0,0,0,0,0,0,0,0,0,0,0,0,0,0,0,0,0,0,0,0,0,0,0,0,0,0,38,0,0,0,0,0,0,0,0,0,0,0,0,0,0,0,0,0,0,0,0,0,0,0,0,0,0,0,0,0,0,0,0,0,0,0,0,0,0,0,0,0,0,0,0,0,0,0,0,0,0,0,0,0]} 1. c4 e6 2. g3 d5 3. Bg2 Nf6 4. d4 dxc4 5. Nf3 Bd7 6. Nbd2 Bb4 {E04: Open Catalan: 5 Nf3} (6... Bb5 7. O-O Nc6 8. Nb1 Be7 9. Nc3 Ba6 10. Qa4 O-O 11. Rd1 Nd5 12. a3 Nb6 13. Qc2 Na5 14. e4 {0-1 (39) Li,C (2721)-Zhang,Z (2614) Ho Chi Minh City 2015}) 7. O-O {LiveBook: 6 Games} Bxd2 8. Bxd2 Bc6 {White has an edge.} 9. Rc1 Bd5 10. Bg5 Nbd7 $146 ({Predecessor:} 10... Nc6 11. Re1 Be4 12. Rxc4 O-O 13. b3 h6 14. Bxf6 Qxf6 {½-½ (44) Murugan,K (2325)-Lukacs,P (2455) Coimbatore 1987}) 11. Re1 {[#] aiming for e4!} h6 12. Bxf6 Nxf6 13. Qa4+ c6 14. Qa3 Bxf3 15. Bxf3 Qe7 (15... Qxd4 {with more complications.} 16. Red1 Qb6 17. Rxc4 a6 18. Rc3 Qc7) 16. Qxe7+ (16. Qa5 {is more complex.} O-O 17. Rxc4 a6 18. Rd1 Rad8 19. e3) 16... Kxe7 17. Rxc4 Rhd8 18. e3 a5 19. a3 Ra6 20. Rb1 Ne8 21. Rc5 Rda8 22. Be2 Rb6 23. Kf1 Nf6 24. Rc2 a4 25. Bd3 Nd7 26. Rd1 Ra5 27. Bc4 c5 28. d5 Rd6 29. Ke1 Nb6 (29... e5 {feels hotter.} 30. e4 b5 31. Bf1 c4 32. f4 f6) 30. dxe6 {[#] And now Rxd6 would win.} Rxd1+ 31. Kxd1 Nxc4 32. Rxc4 Kxe6 $11 {[%mdl 4096] Endgame KR-KR} 33. Kc2 b6 34. Re4+ Kd7 35. h4 h5 36. g4 hxg4 $1 37. Rxg4 g6 38. Rg5 Ke6 39. h5 gxh5 40. Rxh5 Ra8 41. Rh6+ f6 42. Rh7 Rg8 43. Kd3 Rd8+ 44. Kc3 Kd5 45. Ra7 b5 46. Ra5 Rb8 47. Kd3 f5 48. Ra6 Rd8 49. Rb6 c4+ 50. Kc3 Kc5 51. Rf6 Rd3+ 52. Kc2 Rd5 {The position is equal.} 53. Rf8 Kb6 54. Rf7 Kc6 55. Rf6+ Kc5 56. Re6 b4 57. axb4+ Kxb4 58. Rb6+ Kc5 59. Rf6 (59. Ra6 {is interesting.} Kb4 60. Ra7 Re5 61. Rf7 Rd5 62. Rf8) 59... Kb4 60. Rf8 Kc5 61. Rg8 Kb4 (61... f4 $5) 62. Rb8+ Kc5 63. Re8 Kb4 64. Re7 Kc5 65. Rh7 Kb4 66. Rh5 Re5 67. Rg5 Rd5 68. Rh5 (68. e4 $5 Rd4 69. exf5 $11) 68... Re5 69. Rh4 Rd5 70. Rd4 Re5 71. Rd8 f4 72. Rb8+ Kc5 73. Rc8+ Kb4 74. Rb8+ Kc5 75. exf4 Re2+ 76. Kc3 Rxf2 77. Rc8+ Kd5 78. Rd8+ {Precision: White = 67%, Black = 70%.} 1/2-1/2

[Event "FIDE World Cup 2017"]
[Site "Tbilisi"]
[Date "2017.09.04"]
[Round "1.2"]
[White "Bluebaum, Matthias"]
[Black "Mareco, Sandro"]
[Result "1-0"]
[WhiteElo "2633"]
[BlackElo "2649"]
[Annotator "TA"]
[PlyCount "87"]
[EventDate "2017.??.??"]
[EventType "k.o."]
[EventCountry "GEO"]
[SourceTitle "playchess.com"]
[Source "ChessBase"]
[SourceQuality "1"]

{[%evp 21,87,37,44,35,39,0,38,36,35,36,24,37,57,66,60,57,89,82,95,90,104,94,145,130,241,252,253,248,308,297,336,290,419,406,474,427,486,464,650,642,603,364,363,338,341,314,435,434,431,432,546,498,718,693,650,672,886,806,1164,1127,1119,1119,5922,5942,29984,29985,852,388]} 1. d4 d5 2. c4 dxc4 3. e3 Nf6 4. Bxc4 e6 5. Nf3 a6 6. O-O c5 7. Qe2 cxd4 8. Rd1 Nc6 9. exd4 Be7 10. a3 O-O 11. Nc3 Nd5 {LiveBook: 7 Games} 12. Ba2 {D26: Queen's Gambit Accepted: 4 e3 e6 5 Bxc5 c5 sidelines} (12. Qe4 Nf6 13. Qc2 Nd5 14. Ba2 Bf6 15. Ne4 Bd7 16. Bg5 Bxg5 17. Nexg5 g6 18. Qe4 h6 19. Nh3 Nce7 20. Ne5 Kg7 21. Nf4 Rc8 22. h4 Ba4 23. Nxf7 Kxf7 24. Qxe6+ Ke8 25. Nxd5 Bxd1 26. Nxe7 {1-0 (26) Moiseenko,A (2670)-Nyzhnyk,I (2535) Warsaw 2010}) 12... Re8 $146 ({Find the theoretical novelty and annotate with similar games:} 12... Nxc3 13. bxc3 Bf6 14. Bf4 Ne7 15. c4 b5 16. c5 Nd5 17. Qe4 Bb7 18. Bg3 Ra7 19. Qd3 Bc6 {½-½ (44) Yevseev,D (2525)-Kiselev,G (2424) Sochi 2007}) 13. Qe4 {[%cal Rc3d5]} Bf6 (13... Bxa3 $5 14. Nxd5 exd5 15. Qxd5 Qxd5 16. Bxd5 Bb4 $14) 14. h4 {[%cal Bh2h4,Bh4h5][%mdl 32] White is slightly better.} Nce7 15. Ng5 Bxg5 16. Bxg5 Qd6 17. h5 h6 18. Bxe7 $1 Nxe7 19. Bb1 {Hoping for Qh7+.} f5 20. Qe5 Qxe5 21. dxe5 g5 ({Black should play} 21... Nc6) 22. Na4 Nc6 (22... a5 $16 {was worth a try.} 23. Ba2 Nd5) 23. Nb6 $18 Rb8 {[#]} 24. Ba2 $1 Nxe5 {[#]} 25. Re1 $1 {[%cal Re1e5]} Nf7 26. Rac1 Kf8 (26... e5 $142 27. Nxc8 Rexc8) 27. Rc7 f4 28. Bb3 Nd6 29. Rd1 Nf5 (29... Rd8 $142 30. Nc4 Rd7) 30. Ba4 Re7 31. Rxc8+ Rxc8 32. Nxc8 Rc7 33. Rd8+ Kg7 34. Nd6 {Strongly threatening Ne8+.} Rc1+ 35. Kh2 Nh4 36. Ne4 b5 (36... Rc7 $142 37. Bb3 Re7) 37. Rd7+ Kf8 38. Bb3 Re1 39. Nc5 Re2 40. Nxe6+ Ke8 41. Rh7 Rxf2 42. Bd5 {[%cal Rd5c6]} Rc2 43. Be4 Rc1 44. Bg6+ {Precision: White = 80%, Black = 36%.} (44. Rxh6 $142 Ke7 45. Kh3) 1-0

[Event "FIDE World Cup 2017"]
[Site "Tbilisi"]
[Date "2017.09.04"]
[Round "1.2"]
[White "Salgado Lopez, Ivan"]
[Black "Jobava, Baadur"]
[Result "1/2-1/2"]
[WhiteElo "2627"]
[BlackElo "2702"]
[Annotator "TA"]
[PlyCount "48"]
[EventDate "2017.??.??"]
[EventType "k.o."]
[EventCountry "GEO"]
[SourceTitle "playchess.com"]
[Source "ChessBase"]
[SourceQuality "1"]

{[%evp 27,48,4,4,5,10,4,1,4,4,0,0,0,0,0,0,0,0,0,0,0,0,0,0]} 1. e4 e5 2. Nf3 Nc6 3. Nc3 Nf6 4. d4 exd4 5. Nxd4 Bb4 6. Nxc6 bxc6 7. Bd3 O-O 8. O-O Re8 9. Bg5 {[%cal Bc1g5,Bg5h4,Bh4g3][%mdl 32]} h6 10. Bh4 g5 11. Bg3 Bxc3 12. bxc3 Nxe4 {C47: Scotch Four Knights and Four Knights with 4 g3} 13. Qh5 (13. f4 d6 14. Bxe4 Rxe4 15. Qh5 Qf6 16. fxg5 Qg6 17. Qxg6+ fxg6 18. gxh6 Bf5 19. Rab1 Ra4 20. Rb7 {1-0 (92) Kryvoruchko,Y (2707)-Anand,V (2785) Dubai 2014}) 13... d6 14. f4 Bf5 {LiveBook: 4 Games. The position is equal.} 15. Bxe4 Bxe4 16. fxg5 $146 ({Predecessor:} 16. Qxh6 Re6 17. Qh5 Bg6 18. Qh3 gxf4 19. Rxf4 Qg5 20. Raf1 {0-1 (60) Belenkaya,D (2289)-Batsiashvili,N (2476) Mamaia 2016}) 16... Qxg5 17. Qxf7+ Kh8 18. Qxc7 Bxg2 $1 19. Kxg2 Qd5+ 20. Kg1 Re2 {[%csl Ge2][%cal Rd5g2] [#]} 21. Rf2 Rxf2 22. Bxf2 {Bd4+ is the strong threat.} Rg8+ 23. Bg3 Qc5+ 24. Kg2 {[#] Hoping for Rf1.} Qd5+ 1/2-1/2

[Event "FIDE World Cup 2017"]
[Site "Tbilisi"]
[Date "2017.09.04"]
[Round "1.2"]
[White "Fridman, Daniel"]
[Black "Dubov, Daniil"]
[Result "1/2-1/2"]
[WhiteElo "2625"]
[BlackElo "2666"]
[Annotator "TA"]
[PlyCount "67"]
[EventDate "2017.??.??"]
[EventType "k.o."]
[EventCountry "GEO"]
[SourceTitle "playchess.com"]
[Source "ChessBase"]
[SourceQuality "1"]

{[%evp 17,67,13,40,6,1,2,0,-2,10,-3,-2,-3,-2,-21,-21,-14,-15,-17,-12,-13,-14,-16,-16,-18,-14,-22,0,-12,-7,-23,0,-38,-23,-27,-26,-19,-24,-18,-13,-18,-8,-8,-8,-21,-22,-22,-22,-50,-8,-9,-8,-8]} 1. d4 Nf6 2. Nf3 g6 3. g3 Bg7 4. Bg2 O-O 5. c4 d5 6. cxd5 Nxd5 7. O-O Nc6 8. Nc3 e5 {D74: Fianchetto Grünfeld: Main Line (5 Nf3 0-0 6 cxd5 Nxd5 7 0-0)} (8... Nb6 9. e3 Bd7 10. b3 Qc8 11. Bb2 Bh3 12. Ne4 Bxg2 13. Kxg2 Rd8 14. Qe2 a5 15. a3 Rd5 16. Rac1 Rh5 17. h4 {½-½ (32) Lorparizangeneh,S (2515)-Artemiev,V (2692) St Petersburg 2017}) 9. Nxd5 e4 $1 {LiveBook: 3 Games} 10. Nd2 (10. Ne5 $5 Qxd5 11. Nxc6 Qxc6 12. Bf4 $14) 10... Qxd5 11. Nxe4 Qxd4 12. Nc3 $146 ({Find the theoretical novelty and annotate with similar games:} 12. Qb3 Qb6 13. Nc3 Nd4 14. Qxb6 axb6 15. Bf4 c6 16. Rad1 {0-1 (52) Pavlov,S (2454)-Savenkov,K (2325) Minsk 2015}) 12... Bg4 (12... Qc4 {is more complex.} 13. Bf4 Nd4 14. e3 Ne6 15. Nd5 c6) 13. Bxc6 (13. Be3 {feels hotter.} Qc4 14. Rc1 Rad8 15. Qa4 Qxa4 16. Nxa4 Nd4 17. Rxc7 Nxe2+ 18. Kh1) 13... bxc6 14. Qxd4 Bxd4 15. Be3 Bxc3 16. bxc3 Bxe2 17. Rfe1 Bc4 18. Bf4 Rfe8 19. a3 Rac8 20. Rxe8+ Rxe8 21. Bxc7 $11 {[%mdl 4096] Endgame KRB-KRB} g5 22. h3 h5 23. Rd1 Kg7 24. g4 Bd5 25. gxh5 Kh6 26. f4 Re3 27. c4 Bxc4 28. Rd6+ Kxh5 {Strongly threatening ...Bd5.} 29. Rxc6 Be6 30. Rc5 Rxa3 31. Rxg5+ Kh4 32. Ra5 Rc3 33. Rxa7 Rf3 34. Ra8 {Precision: White = 41%, Black = 58%.} 1/2-1/2